[Event "38th Olympiad"]
[Site "Dresden GER"]
[Date "2008.11.22"]
[Round "9"]
[White "Adebayo,A"]
[Black "Bakalarz,M"]
[Result "1/2-1/2"]
[WhiteElo "2266"]
[BlackElo "2330"]

1.d4 Nf6 2.Bg5 d5 3.Bxf6 exf6 4.e3 Bd6 5.c4 dxc4 6.Bxc4 O-O 7.Nf3 f5 8.Nbd2 Nd7
9.O-O Nf6 10.Qc2 c6 11.Rab1 Qe7 12.Bd3 g6 13.Rfc1 a5 14.a3 Be6 15.Nc4 Bc7
16.b4 axb4 17.axb4 Bd5 18.b5 Ng4 19.h3 Bxf3 20.gxf3 Nh2 21.f4 Nf3+ 22.Kf1 Qh4
23.Kg2 Nxd4 24.exd4 Qxf4 25.Ne5 Qg5+ 26.Kh1 Qh4 27.Kg2 Qg5+ 28.Kh1 Ra3 29.Bf1 Qh4
30.Rb3 Rxb3 31.Qxb3 Qxd4 32.Nf3 Qxf2 33.Bg2 Re8 34.bxc6 bxc6 35.Qb7 Bf4 36.Qxc6 Re2
37.Ng1 Qg3 38.Qc8+ Kg7 39.Qc3+ Qxc3 40.Rxc3 Re1 41.Rf3 Bd6 42.Rf1 Re3 43.Rd1 Be7
44.Bf3 g5 45.Rd2 Kg6 46.Re2 f4 47.Kg2 h5 48.Rxe3 fxe3 49.Ne2 f5 50.Nf4+ gxf4
51.Be2 h4 52.Kf3 Bd6 53.Ba6 Kf6 54.Bf1 Ke5 55.Ba6 Kd4 56.Bf1 Kd5  1/2-1/2

[Event "38th Olympiad"]
[Site "Dresden GER"]
[Date "2008.11.23"]
[Round "10"]
[White "Homrana,M"]
[Black "Albonni,A"]
[Result "0-1"]
[WhiteElo "2001"]
[BlackElo "2202"]

1.d4 Nf6 2.Bg5 c5 3.d5 Qb6 4.Nc3 Qxb2 5.Bd2 Qb6 6.e4 d6 7.Rb1 Qd8 8.Bg5 Nbd7
9.Nf3 g6 10.Bxf6 exf6 11.Bb5 Bg7 12.O-O O-O 13.Ne2 Ne5 14.Nxe5 fxe5 15.Bd3 Rb8
16.Ng3 Qa5 17.Rb5 Qc7 18.c4 a6 19.Rb1 Bd7 20.a4 Rfc8 21.Qc2 b5 22.axb5 axb5
23.cxb5 c4 24.b6 Rxb6 25.Rxb6 Qxb6 26.Rb1 Qc5 27.Be2 Bf6 28.Rb7 Be8 29.Nf1 c3
30.g3 h5 31.h4 Ba4 32.Qc1 c2 33.Ne3 Qd4 34.Bf3 Bd8 35.g4 Ba5 36.Nf1 Be1  0-1

[Event "ch-Nassau"]
[Site "Mineola USA"]
[Date "2008.11.24"]
[Round "6"]
[White "Guevara,R"]
[Black "Solonkovich,Ilya"]
[Result "0-1"]
[WhiteElo "2080"]
[BlackElo "2116"]

1.d4 Nf6 2.Bg5 c5 3.Bxf6 gxf6 4.d5 Qb6 5.Qc1 h5 6.h4 Bh6 7.e3 d6 8.Be2 Bg4
9.Nd2 Bxe2 10.Nxe2 Nd7 11.Ng3 O-O-O 12.c3 Ne5 13.Qc2 c4 14.O-O-O Qa5 15.Kb1 Qxd5
16.Nde4 Qa5 17.Nf5 Bf8 18.Neg3 e6 19.Nd4 d5 20.Qe2 Rd6 21.a3 Rb6 22.Ka2 Nd3
23.Rxd3 cxd3 24.Qxd3 Qa4 25.Qc2 Qxc2 26.Nxc2 f5 27.Nd4 Rg8 28.Rg1 Rg4 29.Nf3 Be7
30.Nxh5 Bxh4 31.g3 Be7 32.Rh1 Rg8 33.Nf4 Rg7 34.Rh8+ Kc7 35.Nh5 Rg4 36.Ne5 Re4
37.Nxf7 e5 38.Nh6 d4 39.cxd4 exd4 40.Nxf5 d3 41.Nf4 Rxb2+ 42.Kxb2 Bf6+ 43.Kb3 Bxh8
44.Nxd3 b5 45.Nf4 Rc4 46.g4 a5 47.Ne6+ Kb6 48.Nfd4 a4+ 49.Kb2 Rc6 50.Kb1 Rc3
51.g5 Rd3 52.g6 Rd1+ 53.Kc2 Rg1 54.g7 Bxg7 55.Nxg7 Rxg7 56.Kd3 Rg1 57.f4 b4
58.axb4 a3 59.Nb3 a2 60.f5 a1=Q 61.Nxa1 Rxa1  0-1

[Event "38th Olympiad"]
[Site "Dresden GER"]
[Date "2008.11.25"]
[Round "11"]
[White "Shytaj,L"]
[Black "Djuraev,S"]
[Result "1-0"]
[WhiteElo "2472"]
[BlackElo "2339"]

1.d4 Nf6 2.Bg5 g6 3.Bxf6 exf6 4.e3 Bg7 5.c4 O-O 6.g3 d5 7.c5 b6 8.cxb6 axb6
9.Bg2 c6 10.Ne2 Nd7 11.O-O f5 12.Qc2 Ba6 13.Rc1 Nf6 14.Nf4 Rc8 15.Nc3 Qd7
16.Qa4 Qb7 17.Qd1 Rfd8 18.a4 Ne4 19.a5 bxa5 20.Rxa5 Bf8 21.Rca1 Bc4 22.Qc1 Rb8
23.Nxe4 fxe4 24.Bxe4 Qxb2 25.Qxb2 Rxb2 26.Bf3 Rdb8 27.h4 Rd2 28.Ra8 Rbb2
29.Nh3 Kg7 30.Rc8 Bb5 31.g4 h6 32.g5 hxg5 33.hxg5 Be7 34.Kg2 Ra2 35.Rxa2 Rxa2
36.Rc7 Bb4 37.Bg4 Kf8 38.Rc8+ Kg7 39.Rc7 Kf8 40.Rc8+ Kg7 41.Bd7 Rc2 42.Be8 Bd6
43.Nf4 Bxf4 44.exf4 Re2 45.Kg3 Re6 46.f3 f5 47.Rc7+ Kf8 48.Bf7 Rd6 49.Kf2 Ba6
50.Ke3 Bc8 51.Bxg6 Rxg6 52.Rxc8+ Ke7 53.Kd3 Re6 54.Kd2 Kf7 55.Rc7+ Kf8 56.Rh7 Kg8
57.Rh1 Re8 58.Rh6 Rc8 59.Rf6 Kg7 60.Rxf5 Ra8 61.Rf6 Ra2+ 62.Ke3 Ra3+ 63.Kf2 Rc3
64.Rd6 Rc2+ 65.Kg3 Rc4 66.f5 Rxd4 67.Rxc6 Rd1 68.Rc7+ Kf8 69.g6 d4 70.g7+ Kg8
71.f6 Rg1+ 72.Kf4 d3 73.Rc8+ Kf7 74.Rf8+  1-0

[Event "21st Belgrade Trophy"]
[Site "Obrenovac SRB"]
[Date "2008.11.28"]
[Round "2"]
[White "Radojkovic,V"]
[Black "Sekulovic,D"]
[Result "0-1"]
[WhiteElo "2036"]
[BlackElo "1797"]

1.d4 Nf6 2.Bg5 d5 3.Bxf6 exf6 4.e3 Be6 5.Bd3 c6 6.c3 Qb6 7.Qc2 Nd7 8.Ne2 g6
9.Nf4 c5 10.Nxe6 Qxe6 11.dxc5 Bxc5 12.O-O O-O 13.Nd2 Ne5 14.Be2 f5 15.Rad1 Rac8
16.Nf3 Rfd8 17.Rfe1 a6 18.Qa4 b5 19.Qh4 Be7 20.Qg3 Nxf3+ 21.Bxf3 Bf6 22.Re2 d4
23.exd4 Qxa2 24.Bb7 Rb8 25.Qc7 Kg7 26.Rde1 a5 27.d5 b4 28.g3 bxc3 29.bxc3 Qb3
30.Bc6 Qxc3 31.Qf4 Rb4 32.Qc1 Qd4 33.Rd2 Qb6 34.d6 Bd4 35.d7 a4 36.h4 h5
37.Red1 Bb2 38.Qc2 a3 39.Rd6 a2 40.Bf3 Qxd6 41.Rxd6 a1=Q+ 42.Kg2 Bd4 43.Be2 Rb1
44.Ra6 Rg1+ 45.Kf3 Qe1 46.Bb5 Qe5 47.Qc6 Rxd7  0-1

[Event "Bundesliga 2008-9"]
[Site "Dresden GER"]
[Date "2008.11.29"]
[Round "5"]
[White "Richter,Mic"]
[Black "Gonda,L"]
[Result "0-1"]
[WhiteElo "2421"]
[BlackElo "2507"]

1.d4 Nf6 2.Bg5 d5 3.Bxf6 gxf6 4.e3 c5 5.Nc3 Nc6 6.Bb5 e6 7.Qh5 a6 8.Bxc6+ bxc6
9.Nge2 f5 10.O-O Rb8 11.Na4 a5 12.Nxc5 Bxc5 13.dxc5 Qe7 14.c4 dxc4 15.Rad1 Rb5
16.Qh6 Rg8 17.Nf4 Rxc5 18.Nh5 Rg6 19.Qxh7 Qf8 20.Rd4 Ke7 21.Rfd1 Rd5 22.Nf4 Rh6
23.Ng6+ Rxg6 24.Qh4+ f6 25.Rxd5 cxd5 26.Qd4 Kf7 27.Qa7+ Qe7 28.Qxa5 Bb7 29.g3 Rg8
30.b3 Ra8 31.Qb5 c3  0-1

[Event "TCh-HUN 2008-9"]
[Site "Mako HUN"]
[Date "2008.11.30"]
[Round "3"]
[White "Reiss,T"]
[Black "Acs,Peter"]
[Result "1-0"]
[WhiteElo "2403"]
[BlackElo "2542"]

1.d4 Nf6 2.Bg5 d5 3.Bxf6 exf6 4.e3 Bd6 5.Nd2 O-O 6.g3 c6 7.Bg2 f5 8.Ne2 Nd7
9.O-O Nf6 10.c4 Be6 11.cxd5 cxd5 12.Nc3 a5 13.Qb3 Ra6 14.Qxb7 Rb6 15.Qa7 Rxb2
16.Nb3 Qb8 17.Qxb8 Rxb8 18.Na4 Rc2 19.Rfc1 Rc4 20.Rxc4 dxc4 21.Nxa5 Ne4 22.d5 Bxd5
23.Rd1 Rb5 24.Bxe4 fxe4 25.Nc3 Rxa5 26.Rxd5 Rxd5 27.Nxd5 f5 28.Kf1 Kf7 29.Ke2 Ke6
30.Nb6 c3 31.Kd1 Bc7 32.Na4 Ba5 33.Kc2 Kd5 34.Nxc3+ Kc4 35.Nb1 g5 36.Nd2+ Kd5
37.Kd1 h5 38.Ke2 Bc3 39.f3 h4 40.fxe4+ fxe4 41.gxh4 gxh4 42.h3 Ba5 43.Nb3 Bc3
44.Kd1 Bg7 45.Kc2 Kc4 46.Nc1 Bh6 47.Kd2 Bf8 48.Nb3 Bb4+ 49.Kc2 Be7 50.Nd4 Bf6
51.Nf5 Bg5 52.Kd2 Bd8 53.Nd6+ Kd5 54.Nf7 Ba5+ 55.Ke2 Bc3 56.Nh6 Bg7 57.Ng4 Bc3
58.Kd1 Kc4 59.Nf2 Bb4 60.Kc2 Bc5 61.Ng4 Bb6 62.Kd2 Ba5+ 63.Ke2 Bc3 64.Nf2 Kd5
65.a4 Ba5 66.Kd1 Bb6 67.Kd2 Ba5+ 68.Ke2 Bc3 69.Ng4 Kc4 70.Nh6 Ba5 71.Nf5 Bd8
72.Kf2 Kd3 73.a5 Bxa5 74.Nxh4 Kc4 75.Nf5 Kd5 76.Kg3 Ke5 77.Kg4 Kf6 78.Ng3 Ke5
79.Kg5 Bd8+ 80.Kg6 Bh4 81.Nf5 Bf6 82.h4 Bh8 83.h5 Ke6 84.h6 Ke5 85.Ng7  1-0

[Event "Open"]
[Site "Figueira da Foz POR"]
[Date "2008.12.01"]
[Round "3"]
[White "Ferreira,Jor1"]
[Black "Felicio,F"]
[Result "1/2-1/2"]
[WhiteElo "2153"]
[BlackElo "1931"]

1.d4 Nf6 2.Bg5 g6 3.Bxf6 exf6 4.g3 d5 5.Bg2 c6 6.e3 Bg7 7.Ne2 O-O 8.Nf4 Nd7
9.O-O f5 10.Nd2 Re8 11.c4 Nf6 12.cxd5 Nxd5 13.Nxd5 cxd5 14.Qb3 Qa5 15.Nb1 Be6
16.Nc3 Red8 17.Rfc1 a6 18.Na4 b5 19.Nc5 Qb6 20.a4 Bf8 21.axb5 axb5 22.Rxa8 Rxa8
23.Bxd5 Bxd5 24.Qxd5 Rc8 25.b4 Qa7 26.Qb3 Qa8 27.Qd3 Rb8 28.Qc3 Rc8 29.Ra1 Qd5
30.Qa3 h5 31.Qa2 Qf3 32.h4 Bd6 33.Re1 Ra8 34.Qe2 Qd5 35.Qxb5 Ra2 36.Qb7 Qc4
37.Rf1 Bxg3 38.Qc8+ Kh7 39.Qb7 Bxh4 40.b5 Qe2 41.Qxf7+ Kh6 42.Qf8+ Kg5 43.Ne4+ Kg4
44.Qd6 Qf3 45.Qxg6+ Kh3 46.Qg3+ Qxg3+  1/2-1/2

[Event "58th ch-GRE"]
[Site "Rhodes GRE"]
[Date "2008.12.05"]
[Round "6"]
[White "Papaioannou,I"]
[Black "Filippas,S"]
[Result "1-0"]
[WhiteElo "2597"]
[BlackElo "2221"]

1.d4 Nf6 2.Bg5 d5 3.e3 c5 4.Nc3 e6 5.Nf3 Nc6 6.Bb5 Bd7 7.O-O Be7 8.dxc5 Bxc5
9.Qe2 a6 10.Bd3 h6 11.Bf4 Qe7 12.Ne5 Nxe5 13.Bxe5 Bc6 14.f4 h5 15.h3 h4 16.Qf2 Nh5
17.Bd4 Bd6 18.e4 dxe4 19.Bxe4 Bxf4 20.Bxc6+ bxc6 21.Bc5 Qc7 22.Ne2 Bh2+ 23.Kh1 Ng3+
24.Nxg3 Bxg3 25.Qe3 Rh5 26.Rad1 Rd5 27.b4 Rad8 28.Rxd5 Rxd5 29.c4 Re5 30.Qa3 Qb7
31.Qd3 f5 32.Qd1 Kf7 33.Bd6 Re4 34.Qh5+ Kf6 35.Qf3 Kg6 36.Bxg3 hxg3 37.Qxg3+ Kf7
38.Qd3 Kg8 39.a3 Qc7 40.c5 a5 41.b5 cxb5 42.Qxb5 Re3 43.Qe8+ Kh7 44.c6 Qe5
45.Qh5+ Kg8 46.Qh4 Qc3 47.Qf4 e5 48.Qg5 f4 49.Rb1 Re1+ 50.Rxe1 Qxe1+ 51.Kh2 Qc3
52.Qg6 Kf8 53.h4 Qe1 54.Qg5 Qc3 55.Qf5+ Kg8 56.Qe4 Kf7 57.h5 Ke7 58.a4 Kf8
59.Qg6 Qe1 60.Qf5+ Ke7 61.Qd7+ Kf8 62.Qh3 Qc1 63.Qc8+ Kf7 64.c7 Qc3 65.Qf5+ Ke7
66.Qg4  1-0

[Event "VII Pereyra Puebla Mem"]
[Site "Mendoza ARG"]
[Date "2008.12.06"]
[Round "3"]
[White "Castro,O"]
[Black "Lopez Silva,H"]
[Result "1/2-1/2"]
[WhiteElo "2395"]
[BlackElo "2410"]

1.d4 Nf6 2.Bg5 c5 3.d5 Qb6 4.Bc1 g6 5.Nc3 d6 6.e4 Bg7 7.Nf3 Bg4 8.Be2 O-O
9.O-O Na6 10.Nd2 Bxe2 11.Qxe2 Nc7 12.a4 Rfe8 13.Nb5 Nxb5 14.axb5 e6 15.Qd3 exd5
16.exd5 c4 17.Nxc4 Qxb5 18.Ra5 Qd7 19.Bf4 Nh5 20.Be3 b5 21.Nd2 a6 22.c3 Qb7
23.c4 Qc7 24.b4 bxc4 25.Qxc4 Qb7 26.Ne4 Qe7 27.Nd2 Rec8 28.Qa2 Rab8 29.Rb1 Bc3
30.Rxa6 Bxb4 31.Rc6 Re8 32.Nf1 Nf6 33.Qc4 Qe4 34.Qxe4 Rxe4 35.Bd2 Nxd5 36.Bxb4 Nxb4
37.Rxd6 Rbe8 38.f3 Rc4 39.Nd2 Rc6 40.Rd7 Na6 41.Ne4 Nc5 42.Rc1 Rec8 43.Rd6 R6c7
44.Nf6+ Kg7 45.h4 Nb7 46.Rxc7 Nxd6 47.Rxc8 Nxc8 48.Nd5 h5 49.g4 hxg4 50.fxg4 Nd6  1/2-1/2

[Event "TCh-SLO"]
[Site "Murska Sobota SLO"]
[Date "2008.12.06"]
[Round "1"]
[White "Miladinovic,I"]
[Black "Ruck,R1"]
[Result "1/2-1/2"]
[WhiteElo "2572"]
[BlackElo "2574"]

1.d4 Nf6 2.Bg5 d5 3.e3 c5 4.Nc3 Nc6 5.dxc5 e6 6.Nf3 Bxc5 7.a3 Be7 8.Bd3 h6
9.Bh4 O-O 10.O-O b6 11.Nd4 Bb7 12.f4 Rc8 13.Ncb5 Ne8 14.Bg3 Nxd4 15.Nxd4 Bf6
16.Qe2 Nd6 17.Rad1 Qe7 18.c3 Rfd8 19.Qh5 Nc4 20.Qe2 Nd6 21.Qh5 Nc4 22.Qe2 Nd6  1/2-1/2

[Event "XXI Carlos Torre"]
[Site "Merida MEX"]
[Date "2008.12.14"]
[Round "3"]
[White "Morales Mendoza,Lu"]
[Black "Gutierrez,Fa"]
[Result "0-1"]
[WhiteElo "2189"]
[BlackElo "2308"]

1.d4 Nf6 2.Bg5 g6 3.Bxf6 exf6 4.e3 Bg7 5.Bd3 O-O 6.h4 c5 7.h5 f5 8.c3 d5
9.Ne2 Qb6 10.Qb3 Qd6 11.Qa3 b6 12.Nd2 Re8 13.hxg6 fxg6 14.Kf1 a5 15.dxc5 bxc5
16.Nb3 Nd7 17.Rd1 a4 18.Bb5 Ba6 19.Bxd7 axb3 20.Bxe8 Bxe2+ 21.Kxe2 Rxa3 22.bxa3 bxa2
23.Ra1 Qa6+ 24.Kf3 Qc4  0-1

[Event "15th Croatian Open A"]
[Site "Zadar CRO"]
[Date "2008.12.14"]
[Round "1"]
[White "Drazic,S"]
[Black "Milchev,N"]
[Result "1-0"]
[WhiteElo "2528"]
[BlackElo "2362"]

1.d4 Nf6 2.Bg5 c5 3.dxc5 Qa5+ 4.Qd2 Qxc5 5.Nc3 h6 6.Bh4 g5 7.Bg3 Bg7 8.e4 Nh5
9.Nge2 d6 10.f4 Nxg3 11.hxg3 Bg4 12.Nc1 Be6 13.Nb3 Qc8 14.O-O-O gxf4 15.gxf4 Nd7
16.Nd4 Qc5 17.e5 Bg4 18.Be2 Bxe2 19.Qxe2 dxe5 20.Nf5 Bf8 21.Rd5 Qb4 22.Rh4 Qb6
23.fxe5 e6 24.Nd6+ Bxd6 25.exd6 Rc8 26.a3 Qd8 27.Rdh5 Qf6 28.Nd5 Qg6 29.Ne7  1-0

[Event "4th Open"]
[Site "Assisi ITA"]
[Date "2008.12.19"]
[Round "2"]
[White "Gambardella,P"]
[Black "Cuppone,D"]
[Result "0-1"]
[WhiteElo "2021"]
[BlackElo "1953"]

1.d4 Nf6 2.Bg5 g6 3.Bxf6 exf6 4.e3 Bg7 5.Bd3 f5 6.Ne2 d6 7.O-O O-O 8.Nd2 Re8
9.c3 b6 10.Qc2 Bb7 11.a4 a6 12.a5 b5 13.c4 c6 14.Rfc1 Re7 15.Nb3 Nd7 16.cxb5 cxb5
17.Qc7 Nf6 18.Qxd8+ Rxd8 19.Rc3 Nd5 20.Rcc1 h5 21.Nf4 Nb4 22.Bf1 Bh6 23.g3 Bxf4
24.gxf4 Rdd7 25.Rc3 Kg7 26.Bg2 Be4 27.Nd2 Bxg2 28.Kxg2 Kf6 29.Kf3 Ke6 30.Ke2 Kd5
31.f3 Rc7 32.Rac1 Ra7 33.e4+ fxe4 34.fxe4+ Ke6 35.d5+ Kf6 36.Rf1 Nxd5 37.Rc6 Ke6
38.e5 Kf5 39.Rxd6 Nxf4+ 40.Kd1 Kxe5 41.Rc6 Rec7 42.Nf3+ Kd5 43.Rf6 Ne6 44.Re1 Rc4
45.Ne5 Rf4 46.Rxf4 Nxf4 47.Nf3 Ne6 48.Nd2 Rc7 49.Ne4 Rc4 50.Nc3+ Kd6 51.Ne4+ Ke7
52.Nc3 Rd4+ 53.Kc1 f5 54.Kc2 Kf6 55.Ne2 Re4 56.Kd2 Ng5 57.Rc1 Nf3+ 58.Kd3 Ne5+
59.Kd2 Nc4+  0-1

[Event "4th Open"]
[Site "Assisi ITA"]
[Date "2008.12.20"]
[Round "5"]
[White "Gambardella,P"]
[Black "Di Lascio,S"]
[Result "1-0"]
[WhiteElo "2021"]
[BlackElo "1953"]

1.d4 Nf6 2.Bg5 d5 3.Nf3 Bf5 4.e3 Nbd7 5.c4 c6 6.Nc3 Qa5 7.Nd2 e6 8.Qb3 Bb4
9.Be2 Ne4 10.Ncxe4 Bxe4 11.Bf4 g5 12.Be5 Nxe5 13.dxe5 dxc4 14.Bxc4 b5 15.Bxe6 fxe6
16.Qxe6+ Kd8 17.O-O-O Bd5 18.Qxc6 Qb6 19.Qxa8+  1-0

[Event "ch-Paulista do Interior"]
[Site "Santos BRA"]
[Date "2008.12.20"]
[Round "3"]
[White "Stamenkovic,Dr"]
[Black "Bispo,L"]
[Result "1-0"]
[WhiteElo "2393"]
[BlackElo "2131"]

1.d4 Nf6 2.Bg5 c5 3.d5 Qb6 4.Nc3 Qxb2 5.Bd2 Qb6 6.e4 d6 7.f4 g6 8.Nf3 Bg7
9.e5 dxe5 10.fxe5 Ng4 11.Rb1 Qd8 12.Bb5+ Kf8 13.Qe2 a6 14.Bd3 Nd7 15.e6 Nde5
16.Nxe5 Nxe5 17.O-O c4 18.Bxc4 Bxe6 19.dxe6 Qd4+ 20.Kh1 Nxc4 21.Rxf7+ Kg8
22.Be1 Rf8 23.Rd1 Qc5 24.Bf2 Qc8 25.Nd5  1-0

[Event "15th Croatian Open A"]
[Site "Zadar CRO"]
[Date "2008.12.20"]
[Round "9"]
[White "Martinovic,Sa"]
[Black "Lalic,B"]
[Result "1/2-1/2"]
[WhiteElo "2416"]
[BlackElo "2531"]

1.d4 Nf6 2.Bg5 d5 3.Bxf6 gxf6 4.c4 c5 5.cxd5 Qxd5 6.Nf3 cxd4 7.Nc3 Qa5 8.Nxd4 Bd7
9.g3 Nc6 10.Nb3 Qh5 11.Qd5 Qxd5 12.Nxd5 O-O-O 13.Bg2 Kb8 14.O-O Bg7 15.Rac1 e6
16.Nf4 f5 17.Nc5 Be8 18.e3 Rd6 19.b4 a6 20.Rfd1 Rxd1+ 21.Rxd1 Bf8 22.Nd7+ Kc7
23.Nxf8 Rxf8 24.Nd3  1/2-1/2

[Event "4th Open"]
[Site "Assisi ITA"]
[Date "2008.12.21"]
[Round "7"]
[White "Gambardella,P"]
[Black "Marsili,R"]
[Result "1-0"]
[WhiteElo "2021"]
[BlackElo "1859"]

1.d4 Nf6 2.Bg5 g6 3.Bxf6 exf6 4.e3 Bg7 5.Bd3 O-O 6.Ne2 f5 7.O-O b6 8.c4 Bb7
9.Nbc3 d6 10.b4 Nd7 11.Qb3 a5 12.a3 Re8 13.c5 dxc5 14.Bc4 Rf8 15.bxc5 Qg5
16.Nd5 Bxd5 17.Bxd5 Rab8 18.cxb6 cxb6 19.Rac1 Nf6 20.Bf3 Ne4 21.Bxe4 fxe4
22.Rc7 b5 23.Nc3 Qf5 24.Rc5 Qd7 25.Rxb5 Rxb5 26.Qxb5 Qxb5 27.Nxb5 Rb8 28.a4 Bf8
29.Rc1 Bb4 30.Kf1 f5 31.Rc7 Rd8 32.Ke2 Bf8 33.f3 exf3+ 34.gxf3 Re8 35.Kd3 Bh6
36.e4 Bf4 37.Rc2 fxe4+ 38.fxe4 g5 39.e5 h5 40.Ke4  1-0

[Event "TCh-HUN 2008-9"]
[Site "Budapest HUN"]
[Date "2008.12.21"]
[Round "4"]
[White "Mate,Laszlo"]
[Black "Prohaszka,P2"]
[Result "1/2-1/2"]
[WhiteElo "2110"]
[BlackElo "2502"]

1.d4 Nf6 2.Bg5 d5 3.Bxf6 gxf6 4.e3 c5 5.c4 cxd4 6.exd4 Nc6 7.Nf3 Be6 8.Nc3 Qd7
9.cxd5 Bxd5 10.Bb5 Rg8 11.Nxd5 Qxd5 12.Bxc6+ bxc6 13.O-O e6 14.Qe2 Bd6 15.Rfc1 Ke7
16.Rc3 Bxh2+ 17.Kf1 Bd6 18.Rac1 Qh5 19.Ng1 Qd5 20.Qf3 Rab8 21.b3 Rb6 22.Ne2 Qxf3
23.Rxf3 Rg5 24.Rfc3 Kd7 25.Rc4 Ra5 26.R1c2 Be7 27.Nc3 Rb4 28.Na4 Rxc4 29.Rxc4 f5
30.f4 Bd6 31.g3 Rb5 32.Kf2 Rb4 33.Nc5+ Bxc5 34.Rxc5 Rb5 35.Rc4 Ra5 36.Rc2 Kd6
37.Ke3 c5 38.Rh2 Ke7 39.dxc5 Rxc5 40.Kd3 Rd5+ 41.Kc3 Rd1 42.Rxh7 Rg1 43.Rh3 Kd6
44.b4 Kd5 45.a4 Rc1+ 46.Kb3 Kd4 47.b5 Rb1+ 48.Kc2 Rb4 49.Rh7 Rxa4 50.Rxf7 Ke4
51.Kb3 Ra1 52.Kb4 Kf3  1/2-1/2

[Event "ch-Paulista do Interior"]
[Site "Santos BRA"]
[Date "2008.12.21"]
[Round "5"]
[White "Stamenkovic,Dr"]
[Black "Mandetta,J"]
[Result "1-0"]
[WhiteElo "2393"]
[BlackElo "1943"]

1.d4 Nf6 2.Bg5 g6 3.Bxf6 exf6 4.g3 d5 5.Bg2 Bg7 6.Nd2 f5 7.e3 O-O 8.Ne2 c6
9.b3 Nd7 10.c4 Nf6 11.Nf4 Re8 12.O-O Be6 13.Qc2 b5 14.Rfc1 Rc8 15.Qd3 Qb6
16.Rc2 Qb7 17.Rac1 a6 18.a4 b4 19.a5 h6 20.Bf1 Bd7 21.cxd5 cxd5 22.Qxa6 Qxa6
23.Bxa6 Ra8 24.Bb7 Rxa5 25.Rc5 Ra7 26.Bxd5 g5 27.Nd3 Nxd5 28.Rxd5 Be6 29.Rb5 Ra2
30.Nc4 f4 31.gxf4 gxf4 32.Nxf4 Bg4 33.Rxb4 Kh7 34.Ra4  1-0

[Event "8th Amplico AIG Life Rapid"]
[Site "Warsaw POL"]
[Date "2008.12.21"]
[Round "12"]
[White "Nguyen,P"]
[Black "Dziuba,M"]
[Result "0-1"]
[WhiteElo "2327"]
[BlackElo "2556"]

1.d4 Nf6 2.Bg5 c5 3.Bxf6 gxf6 4.d5 Qb6 5.Qc1 f5 6.c4 Bg7 7.Nc3 d6 8.e3 Nd7
9.Nge2 Nf6 10.g3 Ne4 11.f3 Nxc3 12.Nxc3 Bd7 13.Kf2 O-O-O 14.Rb1 h5 15.h4 e6
16.a3 Kb8 17.b4 Rc8 18.b5 Rhg8 19.Be2 Qd8 20.Qd2 e5 21.Rh2 f4 22.Ne4 f5 23.Ng5 fxg3+
24.Kxg3 f4+ 25.exf4 exf4+ 26.Kf2 Bd4+ 27.Kg2 Rxg5+ 28.hxg5 Qxg5+ 29.Kh1 Rg8
30.Qd1 Bh3  0-1

[Event "5th IRT"]
[Site "Merlo ARG"]
[Date "2008.12.23"]
[Round "3"]
[White "Tomeo,I"]
[Black "De Picciotto,M"]
[Result "0-1"]
[WhiteElo "2095"]
[BlackElo "2070"]

1.d4 Nf6 2.Bg5 g6 3.Bxf6 exf6 4.Nf3 Bg7 5.g3 O-O 6.Bg2 d5 7.Nbd2 Bg4 8.O-O Qd7
9.Re1 Bxf3 10.Bxf3 f5 11.c3 c6 12.e3 Na6 13.Qb3 g5 14.Kh1 Nc7 15.Rad1 b5
16.Qc2 Ne8 17.b3 Nd6 18.c4 Ne4 19.Nxe4 fxe4 20.Be2 f5 21.f4 g4 22.cxb5 cxb5
23.Qc5 Rfc8 24.Qxb5 Qxb5 25.Bxb5 Rc2 26.Re2 Rxe2 27.Bxe2 Rc8 28.Rd2 Bf8 29.Ba6 Rc1+
30.Kg2 Kf7 31.Bb5 Ke6 32.h3 h5 33.Be8 gxh3+ 34.Kxh3 Re1 35.Bxh5 Rxe3 36.Kg2 Rc3
37.Be2 Bb4 38.Rb2 Rc1 39.Ba6 Bc3 40.Bc8+ Kf6 41.Re2 Bxd4 42.Bb7 Ke6 43.Rd2 e3
44.Re2 Bb6 45.Ba6 d4 46.Kf3 Rc3 47.a4 d3 48.Rxe3+ Bxe3 49.Kxe3 d2+ 50.Kxd2 Rxg3
51.Ke2 Kf6 52.Bc4 a5 53.Kf2 Rc3 54.Bd5 Ke7 55.Ke2 Kd6 56.Bg8 Kc5 57.Bh7 Rxb3
58.Bxf5 Rb4 59.Ke3 Rxa4 60.Bc2 Ra1 61.Ke4 a4 62.Ke5 a3 63.f5 Re1+  0-1

[Event "1st Asian Clubs"]
[Site "Al Ain UAE"]
[Date "2008.12.25"]
[Round "1"]
[White "Bui Vinh"]
[Black "Mehdi,S"]
[Result "1-0"]
[WhiteElo "2507"]
[BlackElo "2153"]

1.d4 Nf6 2.Bg5 c5 3.d5 Qb6 4.Nc3 Qxb2 5.Bd2 Qb6 6.e4 d6 7.Rb1 Qc7 8.f4 g6
9.Nf3 Bg7 10.e5 dxe5 11.fxe5 Ng4 12.Bb5+ Kf8 13.d6 exd6 14.Nd5 Qd8 15.O-O h6
16.exd6 a6 17.Bc4 b5 18.h3 bxc4 19.hxg4 Bxg4 20.Bf4 Nc6 21.Qe1 Bxf3 22.Rxf3 Ra7
23.Rb6 Nd4 24.Rf2 Kg8 25.c3 Ne6 26.Be5 f5 27.Bxg7 Nxg7 28.Qe5 Rf7 29.d7 Kh7
30.Nf6+ Rxf6 31.Qxf6 Qxf6 32.Rxf6 Rd8 33.Rd2 Nh5 34.Rc6  1-0

[Event "Open"]
[Site "Pamplona ESP"]
[Date "2008.12.26"]
[Round "6"]
[White "Navarro Cia,M"]
[Black "Ignacz,R"]
[Result "1-0"]
[WhiteElo "2318"]
[BlackElo "2061"]

1.d4 Nf6 2.Bg5 d5 3.Bxf6 exf6 4.e3 Bd6 5.Nd2 f5 6.g3 Be6 7.Bg2 c6 8.Ne2 Nd7
9.O-O Nf6 10.c4 dxc4 11.Qc2 O-O 12.Nxc4 Bc7 13.Nd2 g6 14.Nc3 Qd7 15.Rfc1 Rac8
16.Na4 Bb8 17.Nc5 Qe7 18.Nxe6 Qxe6 19.b4 h5 20.Nb3 Rfd8 21.Nc5 Qe7 22.Qb3 Ne4
23.a4 h4 24.Rc2 hxg3 25.hxg3 Kg7 26.Qd3 Ng5 27.Rac1 Rh8 28.b5 cxb5 29.axb5 b6
30.Nb3 Rce8 31.Nd2 Ne4 32.Nxe4 fxe4 33.Qe2 Qg5 34.Kf1 Qf5 35.Kg1 Rh6 36.Rc3 Rhh8
37.Qc2 Qxb5 38.Bxe4 Qg5 39.Bg2 Qg4 40.Qd1 Qg5 41.e4 Rd8 42.f4 Bxf4 43.gxf4 Qxf4
44.d5 Rd6 45.Rf3 Qe5 46.Qc2 Rh4 47.Rf2 Qh2+ 48.Kf1 Rf4 49.Qc3+ Rdf6 50.Rc2 Kg8  1-0

[Event "Czech Christmas"]
[Site "Litomysl CZE"]
[Date "2008.12.27"]
[Round "2"]
[White "Pokorny,P"]
[Black "Plat,V"]
[Result "0-1"]
[WhiteElo "2199"]
[BlackElo "2411"]

1.d4 Nf6 2.Bg5 d5 3.Bxf6 exf6 4.e3 Bd6 5.c4 dxc4 6.Bxc4 O-O 7.Ne2 c5 8.dxc5 Qa5+
9.Nbc3 Qxc5 10.Qd4 Qc7 11.Nd5 Qa5+ 12.Nec3 Be5 13.Qh4 Bf5 14.O-O Nc6 15.Rad1 Kh8
16.f4 Bxc3 17.bxc3 Qc5 18.Bb3 Be4 19.Nxf6 Qe7 20.f5 gxf6 21.Rf4 Bxg2 22.Kxg2 Rg8+
23.Kf2 Ne5 24.Rfd4 Rg5 25.Qe4 Rag8 26.Bd5 Qc7  0-1

[Event "Open"]
[Site "Pamplona ESP"]
[Date "2008.12.27"]
[Round "7"]
[White "De Pablos Fernandez,M"]
[Black "Bolvary,T"]
[Result "1-0"]
[WhiteElo "2059"]
[BlackElo "2017"]

1.d4 Nf6 2.Bg5 c5 3.Bxf6 gxf6 4.dxc5 Qa5+ 5.Nc3 Bg7 6.e3 f5 7.Ne2 O-O 8.g3 Qxc5
9.Bg2 e6 10.O-O d5 11.Nf4 Nd7 12.Nh5 Bxc3 13.bxc3 Qxc3 14.Rb1 Nc5 15.g4 fxg4
16.Qxg4+ Kh8 17.Rb4 f5 18.Qh4 Bd7 19.Rd4 Rf7 20.Qf4 Kg8 21.Qe5 Bb5 22.Rg4+ fxg4
23.Qxc3 Bxf1 24.Kxf1 Nd7 25.e4 Raf8 26.Qg3 dxe4 27.Bxe4 Nf6 28.Nxf6+ Rxf6
29.Qxg4+ Kh8 30.f3 R8f7 31.Ke2 Rg7 32.Qh5 Rgf7 33.c4 b6 34.a4 Rc7 35.Kd3 h6
36.Qe5 Rd7+ 37.Kc3 Kg7 38.a5 Kf7 39.a6 Ke7 40.Bc6  1-0

[Event "Czech Christmas"]
[Site "Litomysl CZE"]
[Date "2008.12.29"]
[Round "5"]
[White "Vavra,P1"]
[Black "Simacek,P"]
[Result "1-0"]
[WhiteElo "2299"]
[BlackElo "2477"]

1.d4 Nf6 2.Bg5 d5 3.Bxf6 gxf6 4.e3 c5 5.Nc3 Nc6 6.g3 cxd4 7.exd4 e6 8.Bg2 f5
9.Nf3 Qb6 10.Rb1 Bg7 11.Ne2 Bd7 12.c3 Ne7 13.Nf4 Bh6 14.Nd3 Bb5 15.Nc5 Ng6
16.a4 Ba6 17.h4 Rg8 18.h5 Ne7 19.b4 Bc4 20.Ne5 Nc6 21.Nxc4 dxc4 22.Nxb7 Qxb7
23.b5 Rc8 24.Bxc6+ Rxc6 25.bxc6 Qxc6 26.Rb8+ Ke7 27.d5  1-0

[Event "5th Open"]
[Site "Vandoeuvre les Nancy FRA"]
[Date "2008.12.29"]
[Round "7"]
[White "Amigues,E"]
[Black "Hurpeau,Jean Marc"]
[Result "1-0"]
[WhiteElo "2355"]
[BlackElo "1954"]

1.d4 Nf6 2.Bg5 g6 3.Bxf6 exf6 4.g3 d5 5.Bg2 c6 6.e3 Bf5 7.Ne2 h5 8.h3 Qe7
9.Nd2 Na6 10.a3 Nc7 11.Nc3 Bh6 12.Nb3 a5 13.Qe2 a4 14.Nc5 b6 15.N5xa4 b5
16.Nc5 b4 17.N3a4 bxa3 18.Rxa3 Nb5 19.Ra2 O-O 20.b3 Rae8 21.c3 Bc8 22.Kf1 Qc7
23.Bf3 Nd6 24.Qe1 Re7 25.Re2 f5 26.h4 Rfe8 27.Kg1 Ne4 28.Nxe4 fxe4 29.Bg2 Bg4
30.Ra2 Bf3 31.Nc5 Bg4 32.b4 f6 33.Ra6 g5 34.hxg5 Bxg5 35.c4 Rh7 36.b5 cxb5
37.cxd5 Qc8 38.Qa5 h4 39.Bxe4 f5 40.Rg6+ Rg7 41.Rxg7+ Kxg7 42.gxh4 Bd8 43.Qxb5 Rxe4
44.Nxe4 fxe4 45.d6 Bf3 46.Qe5+ Kh7 47.Kh2 Qg4 48.Qg3 Qxg3+ 49.fxg3 Bxh1 50.Kxh1 Kg6
51.Kg2 Kf5 52.Kh3 Ke6 53.Kg4 Kxd6 54.Kf5 Kd5 55.h5 Bb6 56.h6 Bxd4 57.exd4 e3
58.h7 e2 59.h8=Q e1=Q 60.Qe5+  1-0

[Event "Czech Christmas"]
[Site "Litomysl CZE"]
[Date "2008.12.30"]
[Round "6"]
[White "Sabol,M"]
[Black "Plat,V"]
[Result "0-1"]
[WhiteElo "2354"]
[BlackElo "2411"]

1.d4 Nf6 2.Bg5 c5 3.Bxf6 gxf6 4.d5 Qb6 5.b3 Bg7 6.c3 f5 7.e3 d6 8.g3 Nd7
9.Bg2 c4 10.Qc2 Nc5 11.bxc4 Bd7 12.Ne2 Ba4 13.Qd2 Qa6 14.Na3 Bd7 15.Nb5 Rc8
16.Rb1 Ne4 17.Bxe4 fxe4 18.Rb4 O-O 19.O-O Rxc4 20.Nbd4 Rfc8 21.Rfb1 b6 22.Kg2 R4c5
23.Nc6 Bxc6 24.dxc6 Qd3 25.Qe1 Bxc3 26.Nxc3 Qxc3 27.Qxc3 Rxc3 28.Rxe4 Rc7
29.a4 d5 30.Rg4+ Kf8 31.a5 R3xc6 32.axb6 axb6 33.Rgb4 Rb7 34.e4 dxe4 35.Rxe4 b5
36.Rbb4 Rc5 37.h4 e6 38.Rb2 Ke7 39.Kf3 Kd6 40.Reb4 Kc6 41.Ke3 Rd7 42.Rg4 f5
43.Rg8 Re5+ 44.Kf3 Rb7 45.Rc8+ Kd7 46.Rh8 Kd6 47.Rd8+ Kc7 48.Rh8 Kb6 49.Kf4 Re4+
50.Kg5 Rg4+ 51.Kf6 f4 52.gxf4 Rxf4+ 53.Kxe6 Rxh4 54.Ke5 Rh5+ 55.Ke4 Rc5 56.f4 Rc4+
57.Ke5 b4 58.f5 Kb5 59.Rd8 Rc1 60.Rdd2 Kc4 61.Rf2 Re1+ 62.Kd6 b3 63.f6 Re8
64.f7 Rf8 65.Rf3 Rfxf7 66.Rbxb3 Rfd7+  0-1